La hora de la estrella / (Record no. 17602)

MARC details
000 -LEADER
campo de control de longitud fija 00680nam a2200229 i 4500
001 - NÚMERO DE CONTROL
campo de control 17602
003 - IDENTIFICADOR DE NÚMERO DE CONTROL
campo de control ES-MaACL
005 - FECHA Y HORA DE LA ÚLTIMA TRANSACCIÓN
campo de control 20250824222026.0
007 - CAMPO FIJO DE DESCRIPCIÓN FÍSICA--INFORMACIÓN GENERAL
campo de control de longitud fija t|
008 - DATOS DE LONGITUD FIJA--INFORMACIÓN GENERAL
campo de control de longitud fija 010406s2000 sp ||||1| spa d
020 ## - NÚMERO INTERNACIONAL ESTÁNDAR DEL LIBRO
Número Internacional Estándar del Libro 84-7844-510-2
080 ## - NÚMERO DE LA CLASIFICACIÓN DECIMAL UNIVERSAL
Número de la Clasificación Decimal Universal 821.134.3(81)-31"19"
100 1# - ENTRADA PRINCIPAL--NOMBRE DE PERSONA
Nombre de persona Lispector, Clarice.
9 (RLIN) 72542
245 13 - MENCIÓN DEL TÍTULO
Título La hora de la estrella /
Mención de responsabilidad, etc. Clarice Lispector ; traducción de Ana Poljak.
260 ## - PUBLICACIÓN, DISTRIBUCIÓN, ETC.
Lugar de publicación, distribución, etc. Madrid :
Nombre del editor, distribuidor, etc. Siruela,
Fecha de publicación, distribución, etc. [2000]
300 ## - DESCRIPCIÓN FÍSICA
Extensión 81 p. ;
Dimensiones 22 cm.
490 1# - MENCIÓN DE SERIE
Mención de serie Libros del tiempo ;
Designación de volumen o secuencia 125
700 1# - ENTRADA AGREGADA--NOMBRE PERSONAL
Nombre de persona Poljak, Ana.
9 (RLIN) 92837
830 00 - PUNTO DE ACCESO ADICIONAL DE SERIE-TÍTULO UNIFORME
Título uniforme Libros del tiempo (Siruela)
Designación de volumen o secuencia 125
9 (RLIN) 233603
852 ## - LOCALIZACIÓN
Ubicación ES-MaACL
Número de control de estantería L-24493
Sublocalización o colección R.129762
Holdings
Estatus retirado Estado de pérdida Estado de daño No para préstamo Biblioteca de origen Biblioteca actual Ubicación en estantería Fecha de adquisición Fuente de adquisición Total de préstamos Signatura topográfica completa Código de barras Visto por última vez Precio de reemplazo Tipo de ítem Koha
        Biblioteca del Ateneo de Madrid Biblioteca del Ateneo de Madrid Depósito 2 17/01/2008     L-24493 1017957 23/02/2023 23/02/2023 Libro impreso